000 01653cam a2200301 i 4500
003 SA-RiAUC
005 20241011150852.0
008 241006s2004 le g 000 0dara c
040 _aKW-ShULA
_bara
_cSA-RiAUC
_erda
082 0 4 _a237.6
090 _a237.6
_bا ب ن ع
100 1 _aابن عساكر، علي بن الحسن بن هبة الله،
_d499-571 هجري
_eمؤلف.
245 1 0 _aجزء فيه ستة مجالس من أمالي شيخ الحنابلة القاضي أبي يعلى الفراء عن نسخ إحداهن عليها سماع الفخر ابن البخاري وابن تيمية وغيرهما من الأئمة /
_cتصنيف أبي القاسم علي بن الحسن بن عساكر الدمشقي ؛ تحقيق محمد ناصر العجمي.
250 _aالطبعة الأولى.
264 1 _aبيروت :
_bدار البشائر الإسلامية،
_c2004
300 _a134 صفحة ؛
_c24 سم.
336 _aنص
_btxt
_2rdacontent
_3كتاب
337 _aبدون وسيط
_bn
_2rdamedia
338 _aمجلد
_bnc
_2rdacarrier
440 2 _aالكتب والأجزاء المقروءة في جوامع ودور الحديث بدمشق.
_pجامع الحنابلة
500 _aوممن قرأه وسمعه وكتب ذلك بخطه ابن تيمية، الفخر بن البخاري.
650 7 _aالحديث
_xمستخرجات
_2aucsh
700 1 _aالعجمي، محمد بن ناصر
_eمحقق.
700 1 2 _aأبو يعلى، محمد بن الحسين بن محمد،
_d380-458 هجري
740 2 2 _aالأمالي.
942 _2ddc
_cBOOK
_n0
949 _aSA-JeALM
_d241006
_umohamedma123
_n1
999 _c1177
_d1177